00350nam a2200121Ia 4500008004100000041000800041082001400049100001700063245004300080260006200123300003200185365001100217240624s9999 xx 000 0 und d aeng a332.6 BHA aBHATT SUYASH aVALUE INVESTING AND BEHAVIORAL FINANCE c2013aNew DelhibShroff Publishers & Distributors Pvt Ltd axiii, : 153 : p. : cm. ; 21 cRSb30